Statistiques concernant Iles de One Piece avec image (Difficile)

Cliquez ici pour prendre le quiz!

Statistiques générales

  • Ce quiz a été pris 245 fois
    (218 depuis la dernière actualisation)
  • Le résultat moyen est 21 sur 47

Statistiques - réponses

Réponse% Correct
Alabasta
96%
Archipel Sabaody
88%
Amazon Lily
83%
Marineford
83%
Water Seven
83%
Drum
81%
Thrilller Bark
81%
Impel Down
80%
Zo
80%
Enies Lobby
78%
Pays des Wa
77%
Punk Hazard
76%
Dressrosa
71%
Ile Tougato
71%
Ile des Hommes-Poissons
67%
Jaya
63%
Ohara (flashback Robin)
63%
Little Garden
62%
Ile de Ruche
61%
Skypiea
58%
Long Ring Long Land
53%
Whiskey Peak
51%
Kedetrav (elipse Sanji)
48%
Baltigo (base des révo)
43%
Erbaf
43%
Cap des Jumeaux
42%
New Marineford
37%
God Valley
35%
Weatheria (elipse Nami)
34%
Mary Joise
32%
Green Bit (à coté de Dressrosa)
23%
Ile de Dawn (Ile Luffy)
18%
Raijin (ile random)
18%
Royaume Dézoizo (elipse Chopper)
15%
Baldimore (elipse Franky)
13%
Ile de Kuraigana (elipse Zoro)
13%
Banaro (Ace vs Teach)
12%
Ile de Swallow (ile random)
11%
Archipel des Boyn (elipse Usopp)
9%
Rusukaina (elipse Luffy)
6%
Applenine (proche de Dressrosa)
5%
Archipel de Gekko (Ile Usopp)
5%
Foolshout (Ile Koala)
5%
Kenza (elipse Brook)
5%
Ile de Kyuka (ile random)
3%
Foodvalten (ile Random)
2%
Ile Yotsuba (Shell Town)
2%

Distribution des résultats

Percentile par nombre de réponses

% des personnes avec chaque résultat

Votre développement - résultats

Vous n’avez pas pris ce quiz depuis la dernière actualisation